London Trams (Any Order) - Statistics

General Stats
  • This quiz has been taken 27 times
  • The average score is 28 of 39
Answer Stats
Answer % Correct
wimbledon
95%
centrale
90%
east croydon
90%
west croydon
90%
beckenham junction
85%
lebanon road
80%
mitcham
80%
mitcham junction
80%
reeves corner
80%
sandilands
80%
therapia lane
80%
ampere way
75%
arena
75%
beckenham road
75%
elmers end
75%
morden road
75%
addiscombe
70%
avenue road
70%
blackhorse lane
70%
church street
70%
coombe lane
70%
george street
70%
new addington
70%
waddon marsh
70%
addington village
65%
beddington lane
65%
birkbeck
65%
dundonald Road
65%
fieldway
65%
lloyd park
65%
merton park
65%
phipps bridge
65%
wandle park
65%
wellesley road
65%
woodside
65%
harrington road
60%
gravel hill
55%
belgrave walk
50%
kings henrys drive
15%
No matching quizzes found
Score Distribution
Percent of People with Each Score
Percentile by Number Answered
Your Score History
You have not taken this quiz